Madman Across the Water Tracklist - Statistics

General Stats
  • This quiz has been taken 3 times
  • The average score is 5 of 9
Answer Stats
Track Number Answer % Correct
2 Levon
100%
4 Madman Across the Water
100%
6 Holiday Inn
50%
5 Indian Sunset
50%
3 Razor Face
50%
7 Rotten Peaches
50%
1 Tiny Dancer
50%
8 All the Nasties
0%
9 Goodbye
0%
No matching quizzes found
Score Distribution
Percent of People with Each Score
Percentile by Number Answered
Your Score History
You have not taken this quiz